Well designed buildings deliver economic benefits (Record no. 77642)

MARC details
000 -LEADER
fixed length control field 01093cab a2200205 4500
001 - CONTROL NUMBER
control field ##E134770
008 - FIXED-LENGTH DATA ELEMENTS--GENERAL INFORMATION
fixed length control field 060802n2006 000 0 eng u
035 ## - SYSTEM CONTROL NUMBER
System control number (Sirsi) u134770
041 0# - LANGUAGE CODE
Language code of text/sound track or separate title eng
110 1# - MAIN ENTRY--CORPORATE NAME
Corporate name or jurisdiction name as entry element Scottish Executive
9 (RLIN) 3811
245 00 - TITLE STATEMENT
Title Well designed buildings deliver economic benefits
260 ## - PUBLICATION, DISTRIBUTION, ETC.
Date of publication, distribution, etc. 2006
490 ## - SERIES STATEMENT
Series statement Scottish Executive News Release
Volume/sequential designation 10 August 2006
520 ## - SUMMARY, ETC.
Summary, etc. A recent study has revealed that well-designed buildings can attract investment, create jobs, and improve staff performance. The study, commissioned by the Scottish Executive and conducted by research consultants, Morris Hargreaves McIntyre, reviewed over 100 research reports compiled over the past decade by world-leading academics and professional architectural institutions from the UK, Europe, Canada and New Zealand.
590 ## - LOCAL NOTE (RLIN)
Local note IKA050906
651 #4 - SUBJECT ADDED ENTRY--GEOGRAPHIC NAME
Geographic name International
690 ## - LOCAL SUBJECT ADDED ENTRY--TOPICAL TERM (OCLC, RLIN)
Topical term or geographic name as entry element BUILT ENVIRONMENT-CONSTRUCTION DESIGN-ARCHITECTURAL DESIGN
856 40 - ELECTRONIC LOCATION AND ACCESS
Uniform Resource Identifier <a href="https://www.scotland.gov.uk/News/Releases/2006/08/10102506">https://www.scotland.gov.uk/News/Releases/2006/08/10102506</a>
Public note View the item free of charge at www.scotland.gov.uk...
942 ## - ADDED ENTRY ELEMENTS (KOHA)
Suppress in OPAC 0
Holdings
Withdrawn status Lost status Source of classification or shelving scheme Damaged status Not for loan Home library Current library Shelving location Date acquired Total Checkouts Full call number Barcode Date last seen Copy number Price effective from Koha item type
    Dewey Decimal Classification     Virtual Virtual Online 31/08/2006   ONLINE PUBLICATION 134770-2001 06/08/2019 1 06/08/2019 Journal article